Statistiques concernant 15 principaux pays touchés par Covid-19 - 9 octobre

Cliquez ici pour prendre le quiz!

Statistiques générales

  • Ce quiz a été pris 16 fois
  • Le résultat moyen est 10 sur 24

Statistiques - réponses

pays% Correct
France
100%
Espagne
92%
Etats-Unis
92%
Royaume-Uni
77%
Russie
77%
Inde
69%
Mexique
69%
Brésil
62%
Argentine
54%
Chili
54%
Chili
54%
Pérou
38%
Iran
31%
Colombie
23%
Irak
23%
Bahreïn
15%
Costa Rica
15%
Israël
15%
Koweït
15%
Oman
15%
Panama
15%
Qatar
15%
Afrique du Sud
8%
Arménie
8%

Distribution des résultats

Percentile par nombre de réponses

% des personnes avec chaque résultat

Votre développement - résultats

Vous n’avez pas pris ce quiz